03494cam a22011294i 4500003000900000005001700009008003900026020001800065035002000083040003300103082002100136100004900157245016800206264004300374300004400417336002100461337002500482338002300507504007000530505096600600526000901566526000901575526000901584526000901593526000901602526000901611526000901620526000901629526000901638526000901647526000901656526000901665526000901674526000901683526000901692526000901701526000901710526000901719526000901728526000901737526000901746526000901755526000901764526000901773526000901782526000901791526000901800526000901809526000901818526000901827526000901836526000901845526000901854526000901863526000901872526000901881526000901890526000801899526000801907526000801915526000801923526000801931526000801939526000801947526000801955526000801963526000801971526000801979526000801987526000801995526000802003526000802011526000802019526000802027526000802035526000802043526000802051526000802059526000802067526000802075526000802083526000802091526000802099526000802107526000802115526000802123526000802131526000802139526000802147526000802155526000802163526000802171650004702179650003002226650002802256856008002284PE-LiUPU20250813185721.02019m2019 sp a rb 000 0 spa d a9788436839814 aPE-LiUPU2025006 aPE-LiUPUbspacPE-LiUPUerda04a371.94bJ61m223 aJiménez González, Juan E.,ecoordinador.10aModelo de respuesta a la intervención :bun enfoque preventivo para el abordaje de las dificultades específicas de aprendizaje /cJuan E. Jiménez González. 1aMadrid :bEdiciones Pirámide,c2019. a524 páginas :bilustraciones ;c24 cm atext2rdacontent aunmediated2rdamedia avolume2rdacarrier aIncluye referencias bibliográficas al final de los capítulos.0 aModelo de respuesta a la intervención: definición y principales componentes -- Evaluación basada en el currículo dentro del modelo de respuesta a la intervención: elemento crítico para su implementación -- Modelo de respuesta a la intervención y lectura: principales habilidades y detección temprana -- Modelo de respuesta a la intervención y lectura: estrategias instruccionales basadas en la evidencia científica -- Modelo de respuesta a la intervención y escritura -- Modelo de respuesta a la intervención y matemáticas: principales habilidades y detección temprana -- Modelo de respuesta a la intervención y matemáticas: estrategias instruccionales basadas en la evidencia científica -- Efectos de la formación tutorial online y presencial sobre los conocimientos y creencias de los maestros -- Implementación del modelo de respuesta a la intervención en población hispanohablante: un desafío a nuestro alcance. aP202 aP201 aP163 aP162 aP161 aP160 aP148 aP147 aP146 aP145 aP144 aP143 aP142 aP141 aP140 aP139 aP138 aP137 aP136 aP135 aP134 aP133 aP129 aP128 aP127 aP120 aP119 aP118 aP116 aP115 aP114 aP110 aP109 aP108 aP104 aP103 aP102 aP99 aP98 aP97 aP96 aP95 aP93 aP90 aP89 aP88 aP83 aP82 aP62 aP59 aP58 aP57 aP51 aP49 aP48 aP47 aP29 aP24 aP20 aP19 aP17 aP15 aP14 aP12 aP10 aP09 aP08 aP07 aP06 aP05 aP04 aP0114aDificultades de aprendizajexPrevención.24aIntervención educativa.24aEvaluación educativa.40uhttps://www.edicionespiramide.es/libro.php?id=123456zSitio web del editor.